|
|
|
|
| LEADER |
00733nab a2200181 i 4500 |
| 001 |
misc11925 |
| 005 |
20191106141643.0 |
| 008 |
170607s1963 hu o 0|| hun d |
| 022 |
|
|
|a 0025-0260
|
| 040 |
|
|
|a SZTE Miscellanea Repozitórium
|b hun
|
| 041 |
|
|
|a hun
|
| 100 |
1 |
|
|a Pásztor József
|
| 245 |
1 |
3 |
|a Az új osztrák iskolatörvények és Ausztria nevelés- és oktatásügye
|h [elektronikus dokumentum] /
|c Pásztor József
|
| 260 |
|
|
|c 1963
|
| 300 |
|
|
|a 199-208
|
| 490 |
0 |
|
|a Magyar pedagógia : a Magyar Tudományos Akadémia Pedagógiai Bizottságának folyóirata
|v 63 No. 2
|
| 695 |
|
|
|a Oktatásügy Ausztria 1963, Ausztria oktatásügye
|
| 856 |
4 |
0 |
|u http://misc.bibl.u-szeged.hu/11925/1/mp_1963_002_4462_199-208.pdf
|z Dokumentum-elérés
|